Online Catalogue and eLibrary

Women in export production villages (Record no. 2962)

MARC details
000 -LEADER
fixed length control field 00450nam a2200181Ia 4500
005 - DATE AND TIME OF LATEST TRANSACTION
control field 20240805045024.0
008 - FIXED-LENGTH DATA ELEMENTS--GENERAL INFORMATION
fixed length control field 240331s9999 xx 000 0 und d
020 ## - INTERNATIONAL STANDARD BOOK NUMBER
ISBN 9559052020
082 ## - DDC Classification
Item Number - Author Mark WOM
Class No. 382
245 #0 - TITLE STATEMENT
Title Women in export production villages
260 ## - PUBLICATION, DISTRIBUTION, ETC.
Place of publication, distribution, etc. Sr Lanka
Name of publisher, distributor, etc. Center For Women's Research
Date of publication, distribution, etc. 1990
300 ## - PHYSICAL DESCRIPTION
Extent (e.g. Volumes, Pages etc.) x, 151 p .,
650 ## - SUBJECT ADDED ENTRY--TOPICAL TERM
Topical term or geographic name entry element Women
650 ## - SUBJECT ADDED ENTRY--TOPICAL TERM
Topical term or geographic name entry element Economic
650 ## - SUBJECT ADDED ENTRY--TOPICAL TERM
Topical term or geographic name entry element Social
700 ## - ADDED ENTRY--PERSONAL NAME
Personal name Jayaweera,S.
Relator term (Role) Editor
942 ## - Koha item type (Biblio)
Koha item type Books in Stacks (Lending)
Holdings
Lost status Damaged status Collection code Home library Current library Shelving location Date acquired Full call number Accession Number Item type
    Lending WERC Library WERC Library Social Science Cupboard 03/31/2024 382 WOM 133 Books in Stacks (Lending)

© WERC Library